Quizzes
Events
Quiz Creation
Community
Videos
Private Events
Remove Ads
Sign In
Join for FREE
Feedback
Dark Mode
Quiz Categories
Sports
Geography
Music
Movies
Television
Just For Fun
Miscellaneous
History
Literature
Language
Science
Gaming
Entertainment
Religion
Holiday
For Kids
Quiz Lab
Recent
Popular Today
Quiz Kudos Today
Editor Picks
Curator Picks
Quizzes by...
Day
Popularity
Type
Ratings
Length
Year
Community
Subscriptions
Recent Discussions
Orange Saloon
Badges
Playlists
Quests
Create
Leaderboards
Showdown
Live 5
Trivia Bingo
Activity
Puzzle Library
Sporcle Events
Private Events
Virtual Trivia
Globe League
Become a Host
Pub Owners
SporcleCon
Opinionation
Our Games
Videos
Blog
Mobile Apps
Partnerships
Remove Ads and Go Orange
Feedback
Movies
Disney
Marvel Cinematic Universe
Movie Resume
Movie Titles
Oscar
Actor
Actress
Director
Pixar
Role
Movie Quotes
Movie Characters
Box Office
Nominee
Best Picture
Star Wars
James Bond
Horror Movies
Movies
Disney
Marvel Cinematic Universe
Movie Resume
Movie Titles
Oscar
Actor
Actress
Director
Pixar
Role
Movie Quotes
Movie Characters
Box Office
Nominee
Best Picture
Star Wars
James Bond
Horror Movies
Random Quiz
Search Sporcle
×
Quiz Lab
Quiz Lab
Movies
Actor
Type in answers that appear in a list
Type in answers that appear in a list
Classic
Best Score? Go Orange.
Six Degrees of Kevin Bacon Stats
Can you name the Six Degrees of Kevin Bacon?
By
jacob_t
10m
36 Questions
292 Plays
292 Plays
292 Plays
Comments
Comments
Give Quiz Kudos
Give Quiz Kudos
-
- Ratings
hide this ad
Forced Order
Answers have to be entered in order
Answers have to be entered in order
Replay
Link that replays current quiz
Next Quiz
Link to next quiz in quiz playlist
You Got
0%
They Got
Avg Score
40%
Avg Friend Score
Upgrade to see
Score Distribution
Jump to the score distribution portion of the page
Score
0/36
Timer
10:00
0
Plays Today
Movie Group
Actor/Actress in Both
% Correct
Group 1
Kevin Bacon
77.7%
Group 1
Jeff Goldblum
71.6%
Group 2
Val Kilmer
68.8%
Group 2
Kevin Bacon
68.5%
Group 3
Kevin Bacon
59.9%
Group 1
Samuel L. Jackson
59.2%
Group 1
Sandra Bullock
58.9%
Group 1
Ed Harris
57.5%
Group 4
Kevin Bacon
55.8%
Group 1
Viggo Mortensen
51.7%
Group 5
Kevin Bacon
51.7%
Group 3
Catherine Zeta-Jones
49.7%
Group 3
Julia Roberts
48.6%
Group 5
John Belushi
47.9%
Group 3
Sean Connery
44.5%
Group 5
Arnold Schwarzenegger
41.4%
Group 3
Humphrey Bogart
40.1%
Group 4
Tim Robbins
39%
Movie Group
Actor/Actress in Both
% Correct
Group 4
John C. Reilly
38%
Group 4
Heather Graham
38%
Group 2
Tom Skerritt
37.7%
Group 2
Elisabeth Shue
37.7%
Group 5
Uma Thurman
34.9%
Group 5
Carl Weathers
33.9%
Group 6
Kevin Bacon
33.6%
Group 2
Sarah Jessica Parker
31.8%
Group 6
Kevin Bacon
30.5%
Group 4
Danny McBride
28.4%
Group 2
Pat Morita
26%
Group 4
Gary Cole
20.2%
Group 3
Lauren Bacall
19.9%
Group 6
Liv Tyler
15.1%
Group 6
Michael Clark Duncan
13.7%
Group 5
James Brown
11.6%
Group 6
Kevin Pollak
10.6%
Group 6
Laura Dern
2.7%
Quiz Playlist
Details
Report
Send in Message
Add To Playlist
Classic:
Type in answers that appear in a list
Forced Order:
Answers have to be entered in order
Last Updated: Feb 16, 2017
Quiz Scoreboard
CHALLENGE
Sign Up to Join the Scoreboard
Show All
Scores
Hide
Comments
May contain spoilers
Recently Published
9x9 Crossword: Cartoon Network
by jackfrog10
Miscellaneous
3m
College Basketball Coaching Resumes
by pancakes188
Sports
9m
Billboard Blitz: Fleetwood Mac
by CooCooCachoo
Music
15s
More to Explore
Quiz From the Vault
Featured Blog Post
Where Did the Easter Bunny Come From?
hide this ad
You Might Also Like...
Tags
Actor Quiz
Actress Quiz
Kevin Bacon
Movie Stars
Six Degrees
Today's Top Quizzes in Movies
Browse Movies
hide this ad
Today's Top Quizzes in Actor
Browse Actor
Top Contributed Quizzes in Movies
1
Pick 5 Posters: Directed by Spielberg
2
7-to-1: Pixar Characters
3
Pick 5 Posters: Lowest-Rated Spielberg
4
Sorting Actors
5
Sorting Actresses
6
Pick 5 Posters: Directed by Scorsese
7
Pick 5 Posters: Star & Director
8
Pick 5 Posters: Women Directed 2020s
9
12 Movies about Fictional 1960s Events
10
Multi-Oscar Nominations, One Movie, One Winner
Explore More
Trending Topics
Marvel
Kpop
Crossword
Harry Potter
Disney
Anime
NBA
Country
NFL
Pokémon
Soccer
Puzzle
WWE
The Office
Song
hide this ad
More By:
jacob_t
Quiz
Plays
Rating
Category
Featured
Created
Six Degrees of Kevin Bacon
292
2.00
Movies
Jun 16, 2011
MBA Acronyms
160
5.00
Miscellaneous
Jul 8, 2011
Go to Creator's Profile
Score Distribution
Quiz Creator Spotlight
jacob_t
Follow
Send a Message
Quizzes Created
-
Created Quiz Play Count
-
More By This Creator
Popular Quizzes Today
1
Find the US States - No Outlines Minefield
2
Find the Countries of Europe - No Outlines Minefield
3
The Countries of the World
4
Find the US States
5
Risky Map Clicking: Biggest States A-Z
6
US States
7
Popular People in 1961
8
Movies - When Are They Set?
More Movies Quizzes
Find the MAN Movie Poster
Quiz Lab
Trending Quizzes
Risky Map Clicking: Least Populous States A-Z
1-10 Letter G Words
1-10 Letter F Words
Risky Map Clicking: Next State Alphabetically
Adjectives in 80s TV Shows
Recently Updated
Leaping Animals
pecheneg
Reality TV Shows (A-Z)
bhenderson79
Rickey Henderson's Hall of Fame Teammates
pecheneg
Champions League XIs: Arsenal
pecheneg
Quick Pick: Celebrities in WWE's Hall of Fame
aduchscher
A-Z Keypad Blitz II
pecheneg
Multiple Oscar Actors
pecheneg
Mystery Phrase Blitz: Oscar 'Best Actors'
pecheneg
F. Scott Fitzgerald Novels
LTH
Pick 3 Villains
ddd62291
Trending Topics
Marvel
Disney
Anime
Kpop
Crossword
Harry Potter
NBA
NFL
WWE
Song
Pokémon
Country
The Office
Puzzle
Soccer
Your Account Isn't Verified!
In order to create a playlist on Sporcle, you need to verify the email address you used during registration. Go to your
Sporcle Settings
to finish the process.
Report this User
Report this user for behavior that violates our
Community Guidelines
.
Details:
Send Report
Go to the Sporcle.com Mobile Site →
Comments